1732 1998 1682 1155 1252 1207 1246 1749 1077 1729 1314 1291 1526 1514 1653 1493 1385 1120 1621 1432 1689 1019 1042 1761 1845 1110 1316 1371 1089 1446 1852 1127 1429 1302 1524 1923 1374 1148 1710 1536 1399 1713 1047 1558 1969 1880 1944 1056 1255 1422 1093 1993 1287 1885 1049 1551 1066 1164 1347 1252 1727 1136 1139 1042 1551 1175 1810 1111 1308 1093 1416 1807 1908 1597 1694 1571 1982 1090 1899 1516 1598 1093 1859 1505 1201 1524 1243 1100 1302 1405 1547 1415 1683 1649 1639 1031 1857 1644 1329 BCNSPRNW ULIB Ver.6.0+V

เปลี่ยนเป็นภาษาไทย

Change to English
 แสดงรายละเอียดบรรณานุกรม
  กลับหน้าหลัก

Brief Record : Get Marc (ISO 2709) : E-mail record : QR code < ปิดหน้าต่าง
LEADER : 00000nam 2200000uu 4500
001    13399124808
003     ULIB
008    160325s2012||||th 000 0 eng d
020    ^a 9780781770309
060    ^a WS100P371
100    ^a Daniel Bernstein
245    ^a Pediatrics for Medical Students ^cDaniel Bernstein
250    ^a 3 rd Ed
260    ^a Philadelphia ^bWolters Kluwer Health/Lippincott Williams & Wilkins ^c2012
300    ^a 717 ^bปกอ่อน ^c x
520    ^a Includes bibliographical references and index.
650    ^a Pediatrics
650    ^a Pediatrics Textbooks
650    ^a Medical Students
700    ^a Steven Shelov
700    ^a American Academy of Pediatrics
945    ^p2010^l0^i000358
999    ^aเกษร โพธิ์สุวรรณ
รายการนี้ยังไม่มีแท็ก
คุณยังไม่ได้ล็อกอิน คุณสามารถมีกิจกรรมร่วมกับเว็บไซต์ได้ แต่ต้องล็อกอินก่อน ::
  ล็อกอิน

รายการสื่อสารสนเทศ

ลำดับที่ ประเภท เลขเรียก/บาร์โค้ด สถานที่ สถานะ
1. วิทยาศาสตร์การแพทย์ และสุขภาพ
วิทยาศาสตร์การแพทย์ และสุขภาพ
WS100P371 ฉ.1 
  Barcode: 000358
ห้องสมุดวิทยาเขตสวรรค์ประชารักษ์
►หนังสือทั่วไป
บนชั้น

รายการใกล้เคียง
    หัวเรื่อง [Pediatrics]

BibComment


ยังไม่เคยถูกคอมเมนท์

คอมเมนท์ทรัพยากรรายการนี้
  คอมเมนท์: Pediatrics for ..


 Copyright 2026. Bcnsprnw @Library